Nmap network scanning : (Record no. 295)

MARC details
000 -LEADER
fixed length control field 01161cam a22003017a 4500
001 - CONTROL NUMBER
control field 15503193
005 - DATE AND TIME OF LATEST TRANSACTION
control field 20200421093826.0
008 - FIXED-LENGTH DATA ELEMENTS--GENERAL INFORMATION
fixed length control field 081029s2008 caua 001 0 eng d
010 ## - LIBRARY OF CONGRESS CONTROL NUMBER
LC control number 2008940582
020 ## - INTERNATIONAL STANDARD BOOK NUMBER
International Standard Book Number 9780979958717 (pbk.)
020 ## - INTERNATIONAL STANDARD BOOK NUMBER
International Standard Book Number 0979958717 (pbk.)
035 ## - SYSTEM CONTROL NUMBER
System control number (OCoLC)ocn297178138
040 ## - CATALOGING SOURCE
Original cataloging agency VYR
Transcribing agency VYR
Modifying agency IXA
-- YDXCP
-- PRK
-- BLV
-- DEBBG
-- DLC
042 ## - AUTHENTICATION CODE
Authentication code lccopycat
050 00 - LIBRARY OF CONGRESS CALL NUMBER
Classification number TK5105.59
Item number .L96 2008
084 ## - OTHER CLASSIFICATION NUMBER
Classification number ST 230
Number source rvk
100 1# - MAIN ENTRY--PERSONAL NAME
Personal name Lyon, Gordon Fyodor.
9 (RLIN) 1424
245 10 - TITLE STATEMENT
Title Nmap network scanning :
Remainder of title official Nmap project guide to network discovery and security scanning /
Statement of responsibility, etc. Gordon "Fyodor" Lyon.
250 ## - EDITION STATEMENT
Edition statement 1st ed.
260 ## - PUBLICATION, DISTRIBUTION, ETC.
Place of publication, distribution, etc. Sunnyvale, CA :
Name of publisher, distributor, etc. Insecure.Com, LLC,
Date of publication, distribution, etc. c2008.
300 ## - PHYSICAL DESCRIPTION
Extent xxix, 434 p. :
Other physical details ill. ;
Dimensions 25 cm.
500 ## - GENERAL NOTE
General note Includes index.
650 #0 - SUBJECT ADDED ENTRY--TOPICAL TERM
Topical term or geographic name entry element Computer networks
General subdivision Security measures
-- Computer programs.
9 (RLIN) 1425
650 #0 - SUBJECT ADDED ENTRY--TOPICAL TERM
Topical term or geographic name entry element Computer networks
General subdivision Monitoring
-- Computer programs.
906 ## - LOCAL DATA ELEMENT F, LDF (RLIN)
a 7
b cbc
c copycat
d 2
e ncip
f 20
g y-gencatlg
942 ## - ADDED ENTRY ELEMENTS (KOHA)
Source of classification or shelving scheme Dewey Decimal Classification
Koha item type Books
Holdings
Withdrawn status Lost status Damaged status Not for loan Collection Home library Current library Shelving location Date acquired Barcode Date last seen Price effective from Koha item type
        Reference Fairview Fairview General stacks 09/04/2014 39999000012972 09/04/2014 09/04/2014 Books
        Reference Fairview Fairview General stacks 09/04/2014 39999000012996 09/04/2014 09/04/2014 Books
        Reference Fairview Fairview General stacks 09/04/2014 39999000013016 09/04/2014 09/04/2014 Books